00644nam a2200229 a 4500001001300000003000900013005001700022008004100039020002300080082001700103100001900120245001500139260003600154300000900190500003500199505001300234650001700247902000800264942000700272952011800279999001700397nice12345678IN_TiNIC20260116014014.0050524s1999 newa grp 000 0 tam  a0148979 c39500a894.811bHAR aHart, George L aPurananuru aNew DelhibPenguin Books c1999 a397p aincludes index and biblioraphy2 aGlossary aTamil Poetry bSRS cBK 001040708StackRoom-aHMIbHMId2007-06-04g395.00l0o894.811 HARp020311r2007-06-04v395.00w2005-05-24yBK c13468d13468